00558pab a2200169 454500008004000000100001900040245011300059260000900172300001400181362001100195650003000206650003000236650003200266650003200298650001600330773004200346180718b2007 xxu||||| |||| 00| 0 eng d aThompson, Noel aSocialist political economies and the growth of mass consumption in Britain and the United States, 1880-1914 c2007 ap.230-56. aSpring aSocialism - Great Britain aSocialism - United States aConsumption - United States aConsumption - Great Britain aConsumption aReview of Radical Political Economics